| 000 | 01237nam0a2200361 4500 | ||
|---|---|---|---|
| 001 | RU\NLR\bibl\1807187 | ||
| 005 | 20250616152151.0 | ||
| 010 |
_a978-5-459-00570-7 _93000 |
||
| 021 |
_aRU _b2011-58904 _94160 |
||
| 035 | _a(nilc)RSL-KNO-004983034 | ||
| 035 | _a(NLR Aleph) 001797827 | ||
| 090 |
_a1786668 _c1786668 |
||
| 100 | _a20110802d2011 |||y0rusy50 ca | ||
| 101 | 0 | _arus | |
| 102 | _aRU | ||
| 105 | _aa zzzz||||| | ||
| 200 | 1 |
_aЖПЖ _eЖизнь, полная женщин _eруководство под ключ _fМаксим Красочкин, Владимир Форс |
|
| 210 |
_aСанкт-Петербург [и др.] _cПитер _d2011 |
||
| 215 |
_a250 с. _cил., табл. _d21 |
||
| 517 | 1 | _aЖизнь, полная женщин | |
| 606 | 1 |
_aФлирт _jПопулярные издания _92094861 _3RU\NLR\auth\661267585 |
|
| 686 |
_aЮ937.3,0 _2rubbk |
||
| 686 | _aС550.53я9 | ||
| 700 | 1 |
_aКрасочкин _bМ. _gМаксим _4070 |
|
| 701 | 1 |
_aФорс _bВ. _gВладимир _4070 |
|
| 801 | 0 |
_aRU _bRuMoRKP _c20110802 _grcr |
|
| 801 | 1 |
_aRU _bRuMoRGB _c20110802 |
|
| 801 | 2 |
_aRU _bNLR _c20110907 _grcr |
|
| 942 | _cBOOK | ||
| 980 | _aNB | ||
| 980 | _aNBR | ||